Statistical Regularity in LTD Technology; 20th International Symposium on High-Current Electronics (ISHCE)
| Parent link: | 20th International Symposium on High-Current Electronics (ISHCE).— 2018.— [P. 123-125] |
|---|---|
| Ente Autore: | |
| Altri autori: | , , , |
| Riassunto: | Title screen In the report we describe statistical simulation of the closure delay of the spark gap switch that was performed by using the standard OrCAD software [1]. Simulation indicates that the jitter of LTD cavity including some number of the bricks, each with its own spark gap switch, might be expressed as a function of the switch jitter and the brick number. That leads to the conclusion the more cavities includes some group of interest (like single LTD module, multi-module LTD driver, or any other cavity group of interest), the less is the jitter of the output pulse of that group. Режим доступа: по договору с организацией-держателем ресурса |
| Lingua: | inglese |
| Pubblicazione: |
2018
|
| Soggetti: | |
| Accesso online: | https://doi.org/10.1109/ISHCE.2018.8521228 |
| Natura: | MixedMaterials Elettronico Capitolo di libro |
| KOHA link: | https://koha.lib.tpu.ru/cgi-bin/koha/opac-detail.pl?biblionumber=659353 |
MARC
| LEADER | 00000nla2a2200000 4500 | ||
|---|---|---|---|
| 001 | 659353 | ||
| 005 | 20231101135054.0 | ||
| 035 | |a (RuTPU)RU\TPU\network\27900 | ||
| 035 | |a RU\TPU\network\27898 | ||
| 090 | |a 659353 | ||
| 100 | |a 20190213a2018 k y0engy50 ba | ||
| 101 | 0 | |a eng | |
| 105 | |a y z 100zy | ||
| 135 | |a drgn ---uucaa | ||
| 181 | 0 | |a i | |
| 182 | 0 | |a b | |
| 200 | 1 | |a Statistical Regularity in LTD Technology |f A. A. Kim [et al.] | |
| 203 | |a Text |c electronic | ||
| 300 | |a Title screen | ||
| 320 | |a [References: p. 125 (3 tit.)] | ||
| 330 | |a In the report we describe statistical simulation of the closure delay of the spark gap switch that was performed by using the standard OrCAD software [1]. Simulation indicates that the jitter of LTD cavity including some number of the bricks, each with its own spark gap switch, might be expressed as a function of the switch jitter and the brick number. That leads to the conclusion the more cavities includes some group of interest (like single LTD module, multi-module LTD driver, or any other cavity group of interest), the less is the jitter of the output pulse of that group. | ||
| 333 | |a Режим доступа: по договору с организацией-держателем ресурса | ||
| 463 | 0 | |0 (RuTPU)RU\TPU\network\27883 |t 20th International Symposium on High-Current Electronics (ISHCE) |o proceedings, Tomsk, Russia, September 16-22, 2018 |f National Research Tomsk Polytechnic University (TPU) ; Institute of Electrical and Electronics Engineers (IEEE) |v [P. 123-125] |d 2018 | |
| 610 | 1 | |a электронный ресурс | |
| 610 | 1 | |a труды учёных ТПУ | |
| 610 | 1 | |a Linear transformer driver (LTD) | |
| 610 | 1 | |a spark gap switch | |
| 610 | 1 | |a standard deviation (jitter) | |
| 610 | 1 | |a линейные трансформаторы | |
| 610 | 1 | |a переключатели | |
| 610 | 1 | |a драйверы | |
| 610 | 1 | |a искровые разрядники | |
| 610 | 1 | |a джиттер | |
| 610 | 1 | |a моделирование | |
| 610 | 1 | |a замыкания | |
| 610 | 1 | |a искровые разрядники | |
| 701 | 1 | |a Kim |b A. A. | |
| 701 | 1 | |a Alekseenko |b V. M. |c specialist in the field of electronics |c Assistant of the Department of Tomsk Polytechnic University |f 1984- |g Vitaly Mikhaylovich |2 stltpush |3 (RuTPU)RU\TPU\pers\36970 | |
| 701 | 1 | |a Kondratiev |b S. S. | |
| 701 | 1 | |a Sinebrukhov |b V. A. | |
| 712 | 0 | 2 | |a Национальный исследовательский Томский политехнический университет (ТПУ) |c (2009- ) |2 stltpush |3 (RuTPU)RU\TPU\col\15902 |
| 801 | 2 | |a RU |b 63413507 |c 20190213 |g RCR | |
| 856 | 4 | |u https://doi.org/10.1109/ISHCE.2018.8521228 | |
| 942 | |c CF | ||